Taylor Swift Guess the Song based on the Lyric - Statistics

General Stats
  • This quiz has been taken 50 times
  • The average score is 13 of 17
Answer Stats
Hint Answer % Correct
Sometimes I feel like everybody is a sexy baby Anti hero
95%
Saying, "This is it, I've had enough," 'cause like. We hadn't seen each other in a month We are never ever getting back together
95%
But something happened, I heard him laughingI saw the dimples first and then I heard the accent London boy
93%
The moon is high, like your friends were the night that we first met Paper Rings
93%
And I'm just like "D***, it's 7:00 a.m." You need to calm down
90%
Didn't notice you walking all over my peace of mind, In the shoes I gave you as a present Bejeweled
83%
Heartbreak is the national anthem, We sing it proudly New romantics
78%
'Cause she's the kind of book that you can't put downLike if Cleopatra grew up in a small town When Emma falls in love
78%
_______, one time I was riding on my skateboard, When I passed your house, It's like I couldn't breathe Betty
76%
Guess I'll just stumble on home to my cats Gorgeous
76%
Please don't ever become a stranger, Whose laugh I could recognize anywhere New Years day
76%
Good thing my daddy made me get a boating license when I was fifteen No body no crime
76%
With your organic shoes and your million-dollar couch, _______________________when you say"Oh my God, she's insane, she wrote a song about me" I bet you think about me
68%
Love to think you'll never forget, Handprints in wet cement, Adorned with smoke on my clothes, Lovelorn and nobody knows Slut
63%
Once upon a time, I believe it was a Tuesday when I caught your eye Forever and always
59%
And if you're missing me, you'd better keep it to yourself'Cause coming back around here would be bad for your health Picture to burn
59%
Don't treat me like some situation that needs to be handled, I'm fine with my spite, And my tears, And my beers and my candles Closure
41%
No matching quizzes found
Score Distribution
Percent of People with Each Score
Percentile by Number Answered
Your Score History
You have not taken this quiz